| 000 | 01450nam a2200361Ia 4500 | ||
|---|---|---|---|
| 001 | ebr10150397 | ||
| 003 | CaPaEBR | ||
| 006 | m u | ||
| 007 | cr cn||||||||| | ||
| 008 | 060117s2006 nyua sb 001 0 eng d | ||
| 010 | _z 2006041588 | ||
| 020 | _z1403983461 | ||
| 020 | _z1403974152 | ||
| 024 | 3 | _z9781403974150 | |
| 040 |
_aCaPaEBR _cCaPaEBR |
||
| 035 | _a(OCoLC)567965020 | ||
| 050 | 1 | 4 |
_aJN50 _b.W55 2006eb |
| 100 | 1 | _aWilliams, Michelle Hale. | |
| 245 | 1 | 4 |
_aThe impact of radical right-wing parties in West European democracies _h[electronic resource] / _cMichelle Hale Williams. |
| 260 |
_aNew York : _bPalgrave Macmillan, _c2006. |
||
| 300 |
_axii, 236 p. : _bill. |
||
| 490 | 1 | _aEurope in transition | |
| 504 | _aIncludes bibliographical references (p. [219]-230) and index. | ||
| 533 |
_aElectronic reproduction. _bPalo Alto, Calif. : _cebrary, _d2009. _nAvailable via World Wide Web. _nAccess may be limited to ebrary affiliated libraries. |
||
| 650 | 0 |
_aPolitical parties _zEurope, Western. |
|
| 650 | 0 |
_aConservatism _zEurope, Western. |
|
| 650 | 0 |
_aRight-wing extremists _zEurope, Western. |
|
| 651 | 0 |
_aEurope _xPolitics and government _y20th century. |
|
| 655 | 7 |
_aElectronic books. _2local |
|
| 710 | 2 | _aebrary, Inc. | |
| 830 | 0 | _aEurope in transition (New York, N.Y.) | |
| 856 | 4 | 0 |
_uhttp://site.ebrary.com/lib/rucke/Doc?id=10150397 _zAn electronic book accessible through the World Wide Web; click to view |
| 999 |
_c94595 _d94595 |
||